| 000 | 01959nam0a2200337 4500 | ||
|---|---|---|---|
| 001 | RU\NLR\BIBL_A\010820410 | ||
| 005 | 20260406110204.0 | ||
| 035 | _a(NLR Aleph) 010820410 | ||
| 090 |
_a10241363 _c10241363 |
||
| 100 | _a20150817d1644 |||y0rusy50 ca | ||
| 101 | 0 | _alat | |
| 102 | _aRU | ||
| 200 | 1 |
_aDuae orationes historicae, De duplici divinae gratiae fundamento, cui Borussia Academia, ante centum annos gratiose per potentem & coelestem Dei directionem super-structa est, publice in magna literatorum frequentia in jubilea Borussicae academiae solennitate _fhabitae a Johanne Behm SS. Th. D. ... |
|
| 210 |
_aRegiomonti [Kaliningrad] _ctypis Johannes Reusneri _d1644 |
||
| 215 |
_a[36] л. _d4° (19 см) |
||
| 307 | _aГрав. инициалы. Заставки | ||
| 316 |
_aЭкз. деф.: нет конца кн. Рукоп. пометы. Пометы, характер. для б-ки Залуских. Припл. к: Bielawski F. Primus homo Thomisticus ... - Crac. [Kraków], 1642 _515.8.3.203c |
||
| 482 | 0 |
_1001RU\NLR\BIBL_A\010815849 _12001#$aPrimus homo Thomisticus, e paradyso angelici doctoris expositus in comitiis provincialibus Petricovień.$fA r[evere]ndo P.F. Fabiano Bielawski, S. Th. lectore, ac in studio generali Cracowien. primario philosoph. Professore Odd. Praedic. _1700#1$6z01790$aBielawski$bF.$gFabian$4070 |
|
| 517 | 1 | _aDe duplici divinae gratiae fundamento | |
| 620 | _dKaliningrad | ||
| 700 | 1 |
_6z01790 _aBehm _bJ. _f1578-1648 _gJohann _4070 |
|
| 702 | 1 |
_6z02790 _aReusner _bJ. _f1598-1666 _gJohann _4610 |
|
| 702 | 1 |
_4390 _8pol _7ba _aZałuski _bJ. A. _f1702-1774 _gJózef Andrzej _3RU\NLR\AUTH\77107720 _990645 |
|
| 790 | 1 |
_6z01700 _aBehm _gJohannes _4070 |
|
| 790 | 1 |
_6z02702 _aReusnerus _gJohannes _4610 |
|
| 852 |
_aNLR _j15.8.3.203c |
||
| 942 | _cBOOK | ||
| 980 | _aNB | ||
| 980 | _ain1719v | ||